[Event "Sunway Sitges Open 2018"]
[Site "Sitges ESP"]
[Date "2018.12.23"]
[Round "10.22"]
[White "Pablo Mari, Alejandro"]
[Black "Sadhwani, Raunak"]
[Result "0-1"]
[WhiteTitle "FM"]
[BlackTitle "IM"]
[WhiteElo "2375"]
[BlackElo "2434"]
[WhiteFideId "2200287"]
[BlackFideId "35093487"]
[EventDate "2018.12.14"]

1. e4 c5 2. c3 Nf6 3. e5 Nd5 4. Nf3 Nc6 5. Bc4 e6 6. O-O d6 7. d4 cxd4 8. cxd4
Be7 9. Qe2 O-O 10. a3 b6 11. Qe4 Bb7 12. Bd3 g6 13. Bh6 Re8 14. Nbd2 Qd7 15.
Rfe1 Rad8 16. Bb5 Nc7 17. Bf1 dxe5 18. dxe5 Qd5 19. Qf4 Nd4 20. Rac1 Nxf3+ 21.
Nxf3 Qd7 22. Ng5 Bxg5 23. Bxg5 Nd5 24. Qh4 Rc8 25. Qh6 Ne7 26. Rcd1 Qa4 27. Bd3
Qg4 28. f3 Bxf3 29. Rd2 Bd5 30. h3 Qh5 31. Qxh5 gxh5 32. Be2 h4 33. Bxh4 Rc7 34.
Bf6 Rec8 35. Kf2 Bb7 36. Red1 Nd5 37. Bf3 Nxf6 38. Bxb7 Rxb7 39. exf6 h6 40. h4
h5 41. g4 Rc5 42. Rd8+ Kh7 43. gxh5 Rxh5 44. Rg1 Rf5+ 45. Ke3 Rxf6 46. h5 Rf5
47. Rgg8 Rc7 48. Rh8+ 0-1

[Event "Sunway Sitges Open 2018"]
[Site "Sitges ESP"]
[Date "2018.12.23"]
[Round "10.23"]
[White "Bharath, Subramaniyam H"]
[Black "Seyb, Alexander"]
[Result "1/2-1/2"]
[WhiteTitle "CM"]
[BlackTitle "IM"]
[WhiteElo "2234"]
[BlackElo "2419"]
[WhiteFideId "46634827"]
[BlackFideId "4699033"]
[EventDate "2018.12.14"]

1. e4 c5 2. c3 d5 3. exd5 Qxd5 4. d4 g6 5. Nf3 Bg7 6. Be3 cxd4 7. cxd4 Nh6 8.
Nc3 Qd8 9. Bc4 O-O 10. O-O Nd7 11. Qe2 Nb6 12. Bb3 Nf5 13. Bf4 Nxd4 14. Nxd4
Qxd4 15. Bg3 Bg4 16. Qxe7 Qd7 17. Rae1 Qxe7 18. Rxe7 Nd7 19. Ne4 Bxb2 20. h3 Bf5
21. Nd6 Nc5 22. Bxf7+ Kh8 23. Nxb7 Ne4 24. Bf4 Bf6 25. Rc7 Rac8 26. Bb3 Rxc7 27.
Bxc7 Nd2 28. Re1 Nxb3 29. axb3 Rf7 30. Bd8 Rxb7 31. Bxf6+ Kg8 32. Ra1 Rxb3 33.
Rxa7 h5 34. Kh2 Rd3 35. f3 Rd7 36. Ra8+ Kf7 37. Bg5 Be6 38. Kg3 Rd5 39. Ra7+ Rd7
40. Rxd7+ 1/2-1/2

[Event "Sunway Sitges Open 2018"]
[Site "Sitges ESP"]
[Date "2018.12.23"]
[Round "10.25"]
[White "Romanishin, Oleg M"]
[Black "Ingebretsen, Jens E"]
[Result "1-0"]
[WhiteTitle "GM"]
[WhiteElo "2451"]
[BlackElo "2251"]
[WhiteFideId "14100088"]
[BlackFideId "1522965"]
[EventDate "2018.12.14"]

1. Nf3 d5 2. d4 Nf6 3. c4 e6 4. g3 dxc4 5. Qa4+ Nbd7 6. Bg2 a6 7. Nc3 Be7 8. Ne5
O-O 9. Qxc4 c5 10. Nxd7 Nxd7 11. dxc5 Nxc5 12. Be3 b5 13. Qd4 Rb8 14. Qxd8 Rxd8
15. Bf4 Bd6 16. Rd1 Nb7 17. Bxb7 Bxb7 18. Bxd6 Rxd6 19. Rxd6 Bxh1 20. f3 Bg2 21.
Rxa6 h5 22. Ra5 b4 23. Rb5 Rxb5 24. Nxb5 Kf8 25. Nd4 e5 26. Nc6 b3 27. a3 f6 28.
Na5 Ke7 29. Nxb3 Kd6 30. Nd2 Bh3 31. Kf2 Kd5 32. Ke3 Bf5 33. Ne4 Bg6 34. Kd3 Bf5
35. b4 Bg6 36. a4 Bf5 37. a5 Kc6 38. Kc3 Bc8 39. Nc5 Kb5 40. e3 Bh3 41. f4 exf4
42. exf4 Bc8 43. h4 1-0

[Event "Sunway Sitges Open 2018"]
[Site "Sitges ESP"]
[Date "2018.12.23"]
[Round "10.62"]
[White "Blechzin, Igor"]
[Black "Gjestemoen-VonHirsch, Andre"]
[Result "1-0"]
[WhiteTitle "IM"]
[WhiteElo "2237"]
[BlackElo "1993"]
[WhiteFideId "4116208"]
[BlackFideId "1539531"]
[EventDate "2018.12.14"]

1. c4 e5 2. Nc3 Nf6 3. g3 Bb4 4. Bg2 O-O 5. e4 c6 6. Nge2 d6 7. O-O Be6 8. d3
Bc5 9. Na4 Nfd7 10. Nxc5 dxc5 11. f4 f6 12. f5 Bf7 13. g4 g5 14. fxg6 hxg6 15.
h4 Be6 16. Ng3 Na6 17. g5 Qe7 18. gxf6 Rxf6 19. Rxf6 Qxf6 20. Bg5 Qg7 21. Qd2
Bg4 22. Kh2 Nc7 23. Bh3 Bxh3 24. Kxh3 Ne6 25. Bh6 Nf4+ 26. Bxf4 exf4 27. Qxf4
Qxb2 28. Rg1 Rf8 29. Qd6 Ne5 30. Nf5 Qc3 31. Rxg6+ Nxg6 32. Qxg6+ Kh8 33. Qh5+
Kg8 34. Ne7+ Kg7 35. Qg6+ Kh8 36. Qh6# 1-0

[Event "Sunway Sitges Open 2018"]
[Site "Sitges ESP"]
[Date "2018.12.23"]
[Round "10.72"]
[White "Sanchez Lopez, Juan Manuel"]
[Black "Lopez Capape, Armando"]
[Result "1-0"]
[WhiteElo "2065"]
[BlackElo "1827"]
[WhiteFideId "2227037"]
[BlackFideId "2277603"]
[EventDate "2018.12.14"]

1. c4 b6 2. Nc3 e6 3. e4 Bb7 4. g3 f5 5. Bg2 Nf6 6. d3 Bb4 7. Ne2 O-O 8. O-O Na6
9. a3 Bxc3 10. Nxc3 d6 11. b4 Qd7 12. f4 c5 13. Rb1 Nc7 14. Re1 g6 15. d4 cxb4
16. axb4 d5 17. cxd5 exd5 18. e5 Ne4 19. Nxe4 dxe4 20. b5 Bd5 21. Bf1 Rfc8 22.
Ba3 Ne6 23. Qd2 Qb7 24. Rbc1 Kf7 25. Qb4 Qd7 26. Kf2 g5 27. fxg5 Nxg5 28. Qd2
Nf3 29. Qh6 Kg8 30. Red1 Qe6 31. Qxe6+ Bxe6 32. Rc6 Rxc6 33. bxc6 Bd5 34. c7 Rc8
35. Bd6 Bb7 36. Bh3 e3+ 37. Kxe3 Re8 38. Bxf5 Ng5 39. Rc1 Bc8 40. Bxc8 Rxc8 41.
h4 1-0

[Event "Sunway Sitges Open 2018"]
[Site "Sitges ESP"]
[Date "2018.12.23"]
[Round "10.75"]
[White "Munoz Suarez, Luis Alberto"]
[Black "Skagseth, Havard M"]
[Result "1/2-1/2"]
[WhiteElo "1937"]
[BlackElo "2002"]
[WhiteFideId "2287820"]
[BlackFideId "1511572"]
[EventDate "2018.12.14"]

1. e4 c5 2. Nf3 d6 3. d4 Nf6 4. Nc3 cxd4 5. Nxd4 g6 6. Be2 Bg7 7. O-O Nc6 8. Nb3
O-O 9. Be3 Be6 10. f4 a6 11. g4 b5 12. Nd4 Nxd4 13. Bxd4 Rc8 14. Nd5 Bxd5 15.
exd5 Nd7 16. Bxg7 Kxg7 17. c3 Qb6+ 18. Kh1 Qc5 19. Qd2 Nb6 20. Rad1 Rc7 21. Rf3
Nc4 22. Bxc4 bxc4 23. f5 f6 24. g5 Qb5 25. Rh3 Qe8 26. Rg1 Kg8 27. fxg6 hxg6 28.
Qd4 Qf7 29. Rg4 Rc5 30. gxf6 Qxf6 31. Rxg6+ Qxg6 32. Rg3 Rf6 33. b4 cxb3 34.
axb3 Kf7 35. Rxg6 Rxg6 36. b4 Rc8 37. c4 Rcg8 38. c5 Rg4 39. Qf2+ Ke8 40. c6
Rxb4 41. Qf5 Ra4 42. h3 Ra1+ 43. Kh2 Ra2+ 1/2-1/2